Normal view
MARC view
- Verma,S.
Entry Personal Name
001 - CONTROL NUMBER
- control field: 6435
003 - CONTROL NUMBER IDENTIFIER
- control field: OSt
005 - DATE AND TIME OF LATEST TRANSACTION
- control field: 20180219081949.0
008 - FIXED-LENGTH DATA ELEMENTS
- fixed length control field: 180219|| aca||aabn | a|a d
040 ## - CATALOGING SOURCE
- Original cataloging agency: OSt
- Transcribing agency: OSt
100 ## - HEADING--PERSONAL NAME
- Personal name: Verma,S.
670 ## - SOURCE DATA FOUND
- Source citation: Work cat.: (OSt): Verma,S., The Art of Living-5, 2008